El nacimiento del tiempo /

Obra que reúne dos conferencias sobre El nacimiento del tiempo y El papel creativo del tiempo, que fueron dictadas entre 1984 y 1987 por Ilya Prigogine (1917-2003), físico químico galardonado con el Premio Nobel de Química en 1977. Al inicio la obra incluye la entrevista sostenida con Ottavia Basset...

Fuld beskrivelse

Guardado en:
Bibliografiske detaljer
Hovedforfatter: Prigogine, Ilya (autor)
Andre forfattere: Bassetti, Ottavia (entrevista) (entrevista)
Format: Bog
Sprog:spansk
Udgivet: Barcelona, España : Tusquets, 1991, c1991
Serier:(Metatemas ; 23)
Fag:
Tags: Tilføj Tag
Ingen Tags, Vær først til at tagge denne postø!

MARC

LEADER 00000nam^a2200000^a^4500
001 000449687
005 20250521000000.0
009 20260310123728.404
020 |a 84-7223-137-2 
037 |a Acervo ITESO - Biblioteca 
041 |a ESP 
082 |a 115.  |b PRI 
100 |a Prigogine, Ilya  |e (autor) 
245 1 3 |a El nacimiento del tiempo /  |c I. Prigogine ; entrevistado por O. Bassetti ; tr. por Josep Maria Pons. 
264 4 |a Barcelona, España :  |b Tusquets,  |c 1991, c1991 
300 |a 98 p. 
336 |a texto  |b txt  |2 rdacontenido 
337 |a sin mediación  |b n  |2 rdamedio 
338 |a volumen  |b nc  |2 rdasoporte 
440 1 |a (Metatemas ;  |v 23) 
500 |a Traducción de: La nascita del tempo 
520 |a Obra que reúne dos conferencias sobre El nacimiento del tiempo y El papel creativo del tiempo, que fueron dictadas entre 1984 y 1987 por Ilya Prigogine (1917-2003), físico químico galardonado con el Premio Nobel de Química en 1977. Al inicio la obra incluye la entrevista sostenida con Ottavia Bassetti en 1984. 
586 |a Premio Nobel de Química 1977 
649 |a XX 
650 |a Químicos Belgas -  |x Entrevistas 
650 |a Físicos Belgas -  |x Entrevistas 
650 |a Tiempo -  |x Tema Principal 
650 |a Tiempo -  |x Teoría 
650 |a Procesos Irreversibles 
650 |a Termodinámica 
650 |a Astronomía 
650 |a Cosmología 
650 |a Epistemología 
650 |a Filosofía 
650 |a Prigogine, Ilya 
700 |a Bassetti, Ottavia  |e (entrevista) 
910 |a Fondo Castillo-Martínez 
920 |a Impresos - Libros 
930 |a Fondos Especiales 
905 |a 127 
901 |a 0500343845  |b IT2  |c ESP  |i D449687  |u 20250521 
902 |a https://opac.biblio.iteso.mx/vufind/Record/000449687